|
|
|
|
| LEADER |
00000nam2a2200000 4500 |
| 001 |
331014 |
| 005 |
20231102004320.0 |
| 035 |
|
|
|a (RuTPU)RU\TPU\book\356802
|
| 035 |
|
|
|a RU\TPU\book\356801
|
| 090 |
|
|
|a 331014
|
| 100 |
|
|
|a 20170413d1980 k y0rusy5003 ca
|
| 101 |
0 |
|
|a rus
|
| 102 |
|
|
|a RU
|
| 105 |
|
|
|a a z 001zy
|
| 200 |
0 |
|
|a Вып. 6 (32) : Комплекс программ для обработки геохимической инфоормации на ЭВМ
|
| 210 |
|
|
|d 1980
|
| 215 |
|
|
|a 142 с.
|c граф.
|
| 320 |
|
|
|a Библиография в конце статей
|
| 461 |
|
1 |
|0 (RuTPU)RU\TPU\book\201461
|t Алгоритмы и программы
|f Академия наук СССР (АН СССР); Всесоюзный научно-исследовательский институт экономики минерального сырья и геологоразведочных работ (ВИЭМС); под ред. Д. А. Родионова
|v Вып. 6 (32) : Комплекс программ для обработки геохимической инфоормации на ЭВМ
|d 1977-1982
|
| 606 |
1 |
|
|a Геология
|x Применение ЭВМ
|2 stltpush
|3 (RuTPU)RU\TPU\subj\69768
|9 84458
|
| 610 |
1 |
|
|a геологические исследования
|
| 610 |
1 |
|
|a прикладные программы
|
| 610 |
1 |
|
|a математическое моделирование
|
| 610 |
1 |
|
|a геохимическая информация
|
| 610 |
1 |
|
|a запись
|
| 610 |
1 |
|
|a перфокарты
|
| 610 |
1 |
|
|a магнитные диски
|
| 610 |
1 |
|
|a линейные решающие процедуры
|
| 610 |
1 |
|
|a нелинейные решающие процедуры
|
| 610 |
1 |
|
|a зональность
|
| 610 |
1 |
|
|a вычисление
|
| 610 |
1 |
|
|a геохимические элементы
|
| 610 |
1 |
|
|a линейная интерполяция
|
| 675 |
|
|
|a 55:681.3
|v 3
|
| 801 |
|
0 |
|a RU
|b RuMRKP
|c 19950704
|g psbo
|
| 801 |
|
1 |
|a RU
|b 63413507
|c 20151119
|
| 801 |
|
2 |
|a RU
|b 63413507
|c 20170421
|g RCR
|
| 942 |
|
|
|c BK
|